[Event "Asia-chT rapid 5th"]
[Site "Ashkhabad"]
[Date "2017.09.25"]
[Round "1.1"]
[White "Abdul, Khaliq Wais"]
[Black "Megaranto, Susanto"]
[Result "0-1"]
[WhiteElo "1921"]
[BlackElo "2528"]
[PlyCount "68"]
[EventDate "2017.09.25"]
[EventType "team-swiss (rapid)"]
[EventRounds "5"]
[EventCountry "TKM"]
[SourceTitle "EXT 2018"]
[Source "ChessBase"]
[SourceDate "2017.10.13"]
[SourceVersion "1"]
[SourceVersionDate "2017.10.13"]
[SourceQuality "1"]
[WhiteTeam "Afghanistan"]
[BlackTeam "Indonesia"]
[WhiteTeamCountry "AFG"]
[BlackTeamCountry "INA"]

1. d4 Nf6 2. c4 e6 3. Nc3 Bb4 4. Nf3 b6 5. Bg5 Bb7 6. e3 h6 7. Bh4 0-0 8. Be2 d6 9. 0-0 Bxc3 10. bxc3 Nbd7 11. Nd2 Qc8 12. f4 Ne4 13. Bf3 Nxd2 14. Qxd2 Bxf3 15. Rxf3 Qa6 16. Qe2 d5 17. Rg3 Qxc4 18. Qg4 g6 19. f5 exf5 20. Qxf5 Qc6 21. Rf1 Rae8 22. Qd3 Re4 23. Rh3 Kg7 24. Be1 Rfe8 25. Bd2 f5 26. Qa6 Nf6 27. Rhf3 R4e7 28. Qe2 Ne4 29. g4 fxg4 30. Rf4 h5 31. Qd3 Qc4 32. Qxc4 dxc4 33. Be1 Ng5 34. Bh4 Nh3+ 0-1

[Event "New Delhi Parsvnath op 13th"]
[Site "New Delhi"]
[Date "2015.01.12"]
[Round "5"]
[White "Abdul, Khaliq Wais"]
[Black "Iniyan, Panneerseluam"]
[Result "0-1"]
[WhiteElo "2010"]
[BlackElo "2131"]
[PlyCount "79"]
[EventDate "2015.01.09"]
[EventType "tourn"]
[EventRounds "10"]
[EventCountry "IND"]
[SourceTitle "CBM 164 Extra"]
[Source "ChessBase"]
[SourceDate "2015.03.02"]
[SourceVersion "1"]
[SourceVersionDate "2015.03.02"]
[SourceQuality "1"]

1. d4 Nf6 2. c4 g6 3. Nc3 Bg7 4. e4 d6 5. Bd3 0-0 6. Nge2 e5 7. d5 Nbd7 8. Be3 Ng4 9. Bd2 Nc5 10. Bc2 Qh4 11. Ng3 f5 12. Qe2 f4 13. Nf1 Bd7 14. h3 Bh6 15. Rg1 Nf6 16. Nh2 g5 17. 0-0-0 g4 18. Nxg4 Bxg4 19. hxg4 Qxg4 20. f3 Qg6 21. Rh1 Nh5 22. Qf2 Bg5 23. Rh3 Ng3 24. Ne2 Nxe2+ 25. Qxe2 Kf7 26. g3 fxg3 27. f4 Bxf4 28. Bxf4 exf4 29. e5 Qg5 30. Rxh7+ Kg8 31. Qf3 dxe5 32. Rh5 Qg7 33. Bh7+ Kf7 34. d6 c6 35. b4 Nd7 36. b5 Rac8 37. Rf5+ Ke6 38. Rxf8 Qxf8 39. Be4 c5 40. Bd3 0-1